|
|
|
|
| LEADER |
02072cas a2200241 a 4500 |
| 001 |
AALejournalIMF018443 |
| 008 |
230101c9999 xx r poo 0 0eng d |
| 020 |
|
|
|c 5.00 USD
|
| 020 |
|
|
|z 9781484353714
|
| 022 |
|
|
|a 1934-7685
|
| 040 |
|
|
|a BD-DhAAL
|c BD-DhAAL
|
| 110 |
2 |
|
|a International Monetary Fund.
|b African Dept.
|
| 245 |
1 |
0 |
|a Ghana :
|b Fifth and Sixth Reviews Under the Extended Credit Facility, Request for Waivers for Nonobservance of Performance Criteria, and Request for Modification of Performance Criteria-Press Release; Staff Report; and Statement by the Executive Director for Ghana.
|
| 264 |
|
1 |
|a Washington, D.C. :
|b International Monetary Fund,
|c 2018.
|
| 300 |
|
|
|a 1 online resource (105 pages)
|
| 490 |
1 |
|
|a IMF Staff Country Reports
|
| 500 |
|
|
|a <strong>Off-Campus Access:</strong> No User ID or Password Required
|
| 500 |
|
|
|a <strong>On-Campus Access:</strong> No User ID or Password Required
|
| 506 |
|
|
|a Electronic access restricted to authorized BRAC University faculty, staff and students
|
| 520 |
3 |
|
|a Program performance improved in 2017 and macroeconomic conditions have strengthened considerably. Growth increased on the back of expanded oil production; inflation declined; the fiscal deficit was significantly reduced, leading to a primary surplus for the first time in fifteen years; the exchange rate regained stability; and the external position improved, with a large reserve build-up. Challenges remain, though, as a still elevated (albeit declining) debt burden and the economy's exposure to risks limit policy space; and progress in meeting structural benchmarks remains mixed. Program discussions focused on policies to lock in recent gains to secure continued stability and progress beyond the Fund-supported program (in line with the authorities' goal of "irreversibility" of sound policies).
|
| 538 |
|
|
|a Mode of access: Internet
|
| 830 |
|
0 |
|a IMF Staff Country Reports; Country Report ;
|v No. 2018/113
|
| 856 |
4 |
0 |
|z Full text available on IMF
|u http://elibrary.imf.org/view/journals/002/2018/113/002.2018.issue-113-en.xml
|z IMF e-Library
|